000 00591cam a22002053a 4500
001 35572
003 PGUSA
005 20140828083751.0
008 110313s2011||||xxu|||||s|||||000 | eng d
040 _aPGUSA
_beng
042 _adc
100 1 _aOrth, Samuel Peter,
_d1873-1922
245 1 0 _aSocialism and Democracy in Europe
_h[electronic resource] /
_cSamuel Peter Orth
260 _bProject Gutenberg,
_c2011
506 _aPublic domain in the USA.
516 _aElectronic text
830 0 _aProject Gutenberg
_v35572
856 4 0 _uhttp://www.gutenberg.org/ebooks/35572
942 _cEB
999 _c264827
_d264827